<?xml version="1.0" encoding="UTF-8"?>
<record
    xmlns:xsi="http://www.w3.org/2001/XMLSchema-instance"
    xsi:schemaLocation="http://www.loc.gov/MARC21/slim http://www.loc.gov/standards/marcxml/schema/MARC21slim.xsd"
    xmlns="http://www.loc.gov/MARC21/slim">

  <leader>01055nam0a2200301   4500</leader>
  <controlfield tag="001">RU\NLR\bibl\2087</controlfield>
  <controlfield tag="005">20260406041649.0</controlfield>
  <datafield tag="010" ind1=" " ind2=" ">
    <subfield code="a">5-7024-0684-2</subfield>
    <subfield code="9">51000</subfield>
  </datafield>
  <datafield tag="021" ind1=" " ind2=" ">
    <subfield code="a">RU</subfield>
    <subfield code="b">98-1899</subfield>
    <subfield code="9">92</subfield>
  </datafield>
  <datafield tag="035" ind1=" " ind2=" ">
    <subfield code="a">(NLR Aleph) 000001987</subfield>
  </datafield>
  <datafield tag="090" ind1=" " ind2=" ">
    <subfield code="a">3305</subfield>
    <subfield code="c">3305</subfield>
  </datafield>
  <datafield tag="100" ind1=" " ind2=" ">
    <subfield code="a">19980623d1997    |||y0rusy50      ca</subfield>
  </datafield>
  <datafield tag="101" ind1="1" ind2=" ">
    <subfield code="a">rus</subfield>
    <subfield code="c">eng</subfield>
  </datafield>
  <datafield tag="102" ind1=" " ind2=" ">
    <subfield code="a">RU</subfield>
  </datafield>
  <datafield tag="105" ind1=" " ind2=" ">
    <subfield code="a">|||||||||||||</subfield>
  </datafield>
  <datafield tag="200" ind1="1" ind2=" ">
    <subfield code="a">&#x412; &#x43F;&#x43B;&#x435;&#x43D;&#x443; &#x435;&#x433;&#x43E; &#x447;&#x430;&#x440;</subfield>
    <subfield code="e">&#x420;&#x43E;&#x43C;&#x430;&#x43D;</subfield>
    <subfield code="f">&#x41B;&#x438;&#x43B;&#x438;&#x430;&#x43D; &#x41A;&#x43E;&#x43B;&#x431;&#x435;&#x440;&#x442;</subfield>
    <subfield code="g">[&#x41F;&#x435;&#x440;. &#x441; &#x430;&#x43D;&#x433;&#x43B;. &#x41B;.&#x41C;. &#x414;&#x430;&#x43D;&#x44C;&#x43A;&#x43E;]</subfield>
  </datafield>
  <datafield tag="210" ind1=" " ind2=" ">
    <subfield code="a">&#x41C;.</subfield>
    <subfield code="c">&#x41C;&#x435;&#x436;&#x434;&#x443;&#x43D;&#x430;&#x440;. &#x436;&#x443;&#x440;&#x43D;. "&#x41F;&#x430;&#x43D;&#x43E;&#x440;&#x430;&#x43C;&#x430;"</subfield>
    <subfield code="d">1997</subfield>
  </datafield>
  <datafield tag="215" ind1=" " ind2=" ">
    <subfield code="a">189 c.</subfield>
    <subfield code="d">17</subfield>
  </datafield>
  <datafield tag="225" ind1="1" ind2=" ">
    <subfield code="a">&#x41F;&#x430;&#x43D;&#x43E;&#x440;&#x430;&#x43C;&#x430; &#x440;&#x43E;&#x43C;&#x430;&#x43D;&#x43E;&#x432; &#x43E; &#x43B;&#x44E;&#x431;&#x432;&#x438;</subfield>
  </datafield>
  <datafield tag="311" ind1=" " ind2=" ">
    <subfield code="a">&#x41B;&#x438;&#x442;.-&#x445;&#x443;&#x434;&#x43E;&#x436;. &#x43F;&#x440;&#x438;&#x43B;. &#x43A; &#x43C;&#x435;&#x436;&#x434;&#x443;&#x43D;&#x430;&#x440;. &#x436;&#x443;&#x440;&#x43D;. "&#x41F;&#x430;&#x43D;&#x43E;&#x440;&#x430;&#x43C;&#x430;"</subfield>
  </datafield>
  <datafield tag="686" ind1=" " ind2=" ">
    <subfield code="a">&#x428;6(4&#x412;&#x43B;)67-440.4</subfield>
  </datafield>
  <datafield tag="700" ind1=" " ind2="1">
    <subfield code="4">070</subfield>
    <subfield code="8">rus</subfield>
    <subfield code="7">ca</subfield>
    <subfield code="a">&#x41A;&#x43E;&#x43B;&#x431;&#x435;&#x440;&#x442;</subfield>
    <subfield code="b">&#x41B;.</subfield>
    <subfield code="g">&#x41B;&#x438;&#x43B;&#x438;&#x430;&#x43D;</subfield>
    <subfield code="3">RU\NLR\auth\772022</subfield>
    <subfield code="9">112039</subfield>
  </datafield>
  <datafield tag="801" ind1=" " ind2="0">
    <subfield code="a">RU</subfield>
    <subfield code="b">NLR</subfield>
    <subfield code="c">19980623</subfield>
    <subfield code="g">PSBO</subfield>
  </datafield>
  <datafield tag="801" ind1=" " ind2="1">
    <subfield code="a">RU</subfield>
    <subfield code="b">NLR</subfield>
    <subfield code="c">19980623</subfield>
  </datafield>
  <datafield tag="852" ind1=" " ind2=" ">
    <subfield code="a">NLR</subfield>
    <subfield code="j">98-2/279</subfield>
  </datafield>
  <datafield tag="942" ind1=" " ind2=" ">
    <subfield code="c">BOOK</subfield>
  </datafield>
  <datafield tag="980" ind1=" " ind2=" ">
    <subfield code="a">NB</subfield>
  </datafield>
  <datafield tag="995" ind1=" " ind2=" ">
    <subfield code="5">2013-10-26</subfield>
    <subfield code="b">NLR01</subfield>
    <subfield code="c">NLR01</subfield>
    <subfield code="e">RF8</subfield>
    <subfield code="f">1987-10</subfield>
    <subfield code="k">98-2/279</subfield>
    <subfield code="o">0</subfield>
    <subfield code="r">BOOK</subfield>
    <subfield code="s">982279_</subfield>
  </datafield>
</record>
